01067nam a2200241 a 45000010005000000030009000050080041000140400028000550820017000831000029001002450028001292600052001573000010002096500025002196500045002446500133002896500084004226500048005066500121005546500023006756500040006986500087007389838CO-ViMGA141112s2004 ck r 000 u spa d aCO-ViMGAbspacCO-ViMGA04a347.064 R6721 aRocha Alvira ; Antonio, 10aDe La prueba en Derecho aMedellín : bBiblioteca Juridica Dike, c1990 a648p.14aDE LA PRUEBA LITERAL14aDOCUMENTOS Y PODERES OTORGADOS EN PAISES14aEL INICIO EN LA HISTORIA, EL ASESINATO DEL MARISCAL DE AYACUCHO Y EL SINO TRAGICO DE LA RECIA PERSONALIDAD DEL PRESIDENTE OBANDO14aINSTRUMENTOS PUBLICOS CON FUERZA DE PRUEBA EN JUICIO, SEGUN EL DERECHO CANONICO14aLA PRESUNCION COMO PRUEBA EN MATERIAL PENAL14aLA PRESUNCION DE CAPACIDAD LEGAL PARA CONTRATAR Y PARA TESTAR Y LA PRUEBA DE LA DEMENCIA QUE DESVIRTUA LA PRESUNCION14aLA PRUEBA INDICIAL14aLA PRUEBA POR MEDIO DE PRESUNCIONES14aTACHA DE FALSEDAD O INCIDENTE SOBRE AUTENTICIDAD DE UN DOCUMENTO PUBLICO Y PRIVADO